[Event "RUS-ch U21 2019"]
[Site "Loo"]
[Date "2019.04.27"]
[Round "8.4"]
[White "Ofitserian, Boris"]
[Black "Khanin, Semen"]
[Result "1/2-1/2"]
[WhiteElo "2409"]
[BlackElo "2524"]
[Annotator "TA"]
[PlyCount "58"]
[EventDate "2019.04.20"]
[EventType "tourn"]
[EventCountry "RUS"]
[SourceTitle "playchess.com"]
[Source "ChessBase"]
[SourceQuality "1"]

{[%evp 9,58,8,8,-3,25,23,68,0,39,16,61,42,58,54,52,36,29,23,40,34,39,29,36,41,41,37,38,34,29,5,6,6,6,4,9,0,14,13,13,13,20,13,20,0,21,0,20,0,21,0,20]} 1. Nf3 Nf6 2. c4 e6 3. e3 d5 4. b3 b6 5. Bb2 Bb7 6. cxd5 {A13: English Opening: 1...e6} Nxd5 (6... exd5 7. g3 Nbd7 8. Bg2 Ba6 9. Bf1 Bb7 10. Bg2 Ba6 11. Bf1 {½-½ (11) Duda,J (2738)-Wang,H (2730) St Petersburg 2018}) 7. Nc3 $146 ({Predecessor:} 7. Be2 Bd6 8. O-O O-O 9. a3 c5 10. Qc2 Nd7 11. d3 Rc8 12. Nbd2 Bb8 13. g3 e5 {0-1 (58) Henriquez Villagra,C (2092)-Cuevas Araya,W (2213) Santiago de Chile 2010}) 7... Nd7 8. Be2 (8. Nxd5 $14 Bxd5 9. Qc2) 8... N7f6 9. Rc1 {Nxd5 is the strong threat.} a6 10. Nxd5 Bxd5 11. O-O Be7 12. Qc2 c5 13. Rfd1 O-O 14. d4 {[%cal Rd4c5]} cxd4 15. Nxd4 Rc8 16. Nc6 Rxc6 17. Qxc6 Bxc6 18. Rxd8 Rxd8 19. Bxf6 (19. Rxc6 {is more complex.} Rd2 20. Rc8+ Bf8 21. Bxf6 gxf6 22. Bh5) 19... gxf6 {The position is equal.} 20. Rxc6 $14 {[%mdl 4096] Endgame KRB-KRB} a5 21. Rc2 Bb4 22. g4 Rd2 23. Rxd2 Bxd2 $11 {KB-KB} 24. Kg2 Bc3 25. Bb5 Bd2 26. Be2 Bc3 27. Bb5 Bd2 28. Be2 Bc3 29. Bb5 Bd2 {Accuracy: White = 39%, Black = 51%.} 1/2-1/2

[Event "RUS-ch U21 2019"]
[Site "Loo"]
[Date "2019.04.27"]
[Round "8.5"]
[White "Drygalov, Sergey"]
[Black "Galaktionov, Artem"]
[Result "1-0"]
[WhiteElo "2485"]
[BlackElo "2332"]
[Annotator "ChessBase"]
[PlyCount "63"]
[EventDate "2019.04.20"]
[EventType "tourn"]
[EventCountry "RUS"]
[SourceTitle "playchess.com"]
[Source "ChessBase"]
[SourceQuality "1"]
[TimeControl "40/5400+30:1800+30"]

1. Nf3 {[%emt 0:00:00]} b5 {[%emt 0:00:22]} 2. e4 {[%emt 0:02:10]} Bb7 {[%emt 0:00:04]} 3. e5 {[%emt 0:03:26]} a6 {[%emt 0:00:55]} 4. c4 {[%emt 0:00:56]} bxc4 {[%emt 0:00:08]} 5. Bxc4 {[%emt 0:00:07]} e6 {[%emt 0:00:01]} 6. d4 {[%emt 0:03:55]} d5 {[%emt 0:03:04]} 7. Bb3 {[%emt 0:09:48]} c5 {[%emt 0:01:05]} 8. O-O {[%emt 0:00:11]} Nc6 {[%emt 0:01:33]} 9. Ba4 {[%emt 0:01:31]} Qb6 {[%emt 0:02:58]} 10. Nbd2 {[%emt 0:12:20]} Qa7 {[%emt 0:24:11]} 11. Nb3 {[%emt 0:02:53]} c4 {[%emt 0:02:00]} 12. Na5 {[%emt 0:00:13]} Rc8 {[%emt 0:00:06]} 13. b3 {[%emt 0:00:27]} c3 {[%emt 0:04:42]} 14. Qd3 {[%emt 0:01:51]} Kd8 {[%emt 0:00:06]} 15. Nxb7+ {[%emt 0:00:59]} Qxb7 {[%emt 0:00:34]} 16. Bg5+ {[%emt 0:03:09]} f6 {[%emt 0:00:09]} 17. exf6 {[%emt 0:00:05]} gxf6 {[%emt 0:00:04]} 18. Bf4 {[%emt 0:00:37]} Ba3 {[%emt 0:00:13]} 19. Qxc3 {[%emt 0:00:53]} Nge7 {[%emt 0:04:14]} 20. Qe3 {[%emt 0:02:10]} Qd7 {[%emt 0:00:10]} 21. Rfe1 {[%emt 0:05:27]} Ng6 {[%emt 0:00:05]} 22. Bg3 {[%emt 0:00:30]} Re8 {[%emt 0:00:01]} 23. h4 {[%emt 0:00:29]} h5 {[%emt 0:02:28]} 24. Qd3 {[%emt 0:01:18]} Nge7 {[%emt 0:08:02]} 25. Qxa6 {[%emt 0:00:13]} Bd6 {[%emt 0:00:01]} 26. Bxd6 {[%emt 0:01:43]} Qxd6 {[%emt 0:00:05]} 27. Rac1 {[%emt 0:00:27]} Rg8 {[%emt 0:00:18]} 28. Rc3 {[%emt 0:02:10]} Qb4 {[%emt 0:09:31]} 29. Rec1 {[%emt 0:00:42]} Qa5 {[%emt 0:00:01]} 30. Qe2 {[%emt 0:01:27]} Kd7 {[%emt 0:01:17]} 31. Bxc6+ {[%emt 0:00:08]} Nxc6 {[%emt 0:00:16]} 32. Rxc6 {[%emt 0:00:10]} 1-0

[Event "RUS-ch U21 2019"]
[Site "Loo"]
[Date "2019.04.28"]
[Round "9.1"]
[White "Galaktionov, Artem"]
[Black "Murzin, Volodar"]
[Result "1-0"]
[WhiteElo "2332"]
[BlackElo "2407"]
[Annotator "TA"]
[PlyCount "171"]
[EventDate "2019.04.20"]
[EventType "tourn"]
[EventCountry "RUS"]
[SourceTitle "playchess.com"]
[Source "ChessBase"]
[SourceQuality "1"]

{[%evp 11,171,12,13,16,14,13,18,-8,0,-13,0,0,0,0,0,-13,-16,-14,-15,-18,-18,-18,0,0,0,0,0,0,0,0,0,0,0,0,0,0,0,0,0,0,0,0,0,0,0,0,0,0,0,0,0,0,10,8,4,7,19,0,0,0,10,0,194,10,45,0,0,0,0,0,0,0,45,45,45,45,70,68,139,146,120,45,16,0,70,70,59,64,73,97,158,155,332,332,325,317,317,317,246,310,283,268,267,254,246,239,225,8,225,129,269,129,129,129,129,129,129,129,129,129,129,129,129,106,106,106,129,129,106,39,39,39,39,39,65,53,71,12,16,10,129,45,29942,29,29961,29961,7092,24,29974,29975,29982,29976,29976,29978,29983,29979,29979,29980,29978,29979,6093,6109]} 1. d4 d5 2. c4 c6 3. Nf3 Nf6 4. Qb3 e6 5. Bg5 Nbd7 6. Nc3 h6 7. Bh4 {[#] D43: Semi-Slav: 5 Bg5 h6} b5 $1 {[%mdl 512]} (7... Be7 8. e3 O-O 9. Bd3 c5 10. cxd5 Nxd5 11. Bxe7 Nxe7 12. Qa3 Nc6 13. dxc5 Nxc5 14. Bb5 Qb6 {½-½ (47) Korobov,A (2673)-Matlakov,M (2694) Bilbao 2014}) 8. cxd5 (8. cxb5 cxb5) 8... cxd5 9. Bxf6 $146 {The position is equal.} ({Much worse is} 9. Qxb5 Rb8 $17) ({Predecessor:} 9. e3 b4 10. Na4 Qa5 11. Rc1 Bd6 12. Bg3 Bxg3 13. hxg3 O-O 14. Nc5 Nxc5 15. Rxc5 Qb6 16. Ne5 a5 17. Bd3 Ba6 18. O-O a4 19. Qc2 Bxd3 20. Qxd3 a3 {½-½ (20) Novak,J (2530)-Szczepanski,Z (2593) ICCF email 2010}) 9... Nxf6 10. e3 b4 11. Bb5+ Bd7 12. Bxd7+ Nxd7 13. Ne2 Bd6 14. O-O O-O 15. Rfc1 Nb6 16. Qd3 Qd7 17. Qa6 Rac8 18. b3 Rxc1+ 19. Rxc1 Rc8 20. Rxc8+ (20. Kf1 {is interesting.} Rxc1+ 21. Nxc1 Qc7 22. Nd3 Nd7 23. g3) 20... Nxc8 21. Ne5 Bxe5 22. dxe5 Ne7 23. Nd4 Qc7 24. g3 Qxe5 25. Qxa7 Nf5 26. Nxf5 Qxf5 $11 {[%mdl 4096] Endgame KQ-KQ} 27. Qb8+ Kh7 28. Qxb4 Qb1+ {[%mdl 64] Double Attack} 29. Kg2 Qxa2 30. Qc3 Qb1 31. b4 Qe4+ 32. Kf1 Qb1+ 33. Ke2 f5 34. h4 Qa2+ $1 35. Kf3 Qb1 36. Qd4 Kg8 $2 (36... g5 $11) 37. Kg2 $2 (37. Kf4 $18) 37... Kf7 38. Qc5 Qe4+ 39. Kh2 Qc4 40. Qa7+ Kf6 41. Qa1+ Kf7 42. Qb2 Qb5 43. Kg2 Kg6 44. Qe5 Kf7 (44... Qc6 $14) 45. Qc7+ $1 $16 Kf6 46. Qa5 ({White should try} 46. Qd6 $1 $16) 46... Qc4 $14 47. b5 {[%cal Bb4b5,Bb5b6][%mdl 32] b6 is the strong threat.} Qe4+ (47... Kf7 $11) 48. Kh2 {Hoping for b6.} Qc2 $1 {[%cal Rc2f2]} 49. Qa1+ $1 Kf7 $1 50. Kg1 $1 Qb3 (50... Qc5 $142) 51. Qa7+ $16 Kf6 $2 (51... Kg6 $16) 52. b6 $18 Qb1+ 53. Kg2 {And now b7 would win.} Qe4+ 54. Kh2 Qc2 55. Qa1+ $1 Kg6 56. Kg2 Qe4+ 57. Kg1 Qb4 58. Qd4 Qb5 59. Kg2 $2 ({White should play} 59. g4 $1 $18) 59... Kf7 $2 (59... h5 $1 $11 {and Black has nothing to worry.}) 60. h5 (60. g4 $1 $18) 60... Kf8 (60... Kg8 $16 61. Kf3 Kf8) 61. Kf3 (61. g4 $1 $18) 61... Kf7 $16 62. Kf4 Kf8 63. g4 fxg4 64. Kxg4 {Strongly threatening Qf4+.} e5 65. Qxe5 Qxb6 66. Qxd5 Qb2 67. Kg3 Qc1 68. Kg2 Qb2 69. Qf5+ Ke7 70. e4 (70. Qe4+ $16 Kf8 71. Qf5+ Kg8 72. Qe6+ Kh7 73. Qf5+ Kg8 74. Qe6+ Kh8 75. Qe8+ Kh7 76. Qe4+ Kh8 77. Qe8+ Kh7 78. Qg6+ Kg8 79. Qe8+ Kh7) 70... Qd4 $14 71. Kg3 Qd3+ 72. Qf3 Qb1 73. Kg4 Qg1+ 74. Qg3 ({Better is} 74. Kh3 $1 $16) 74... Qd1+ $1 $11 75. f3 {next Qe5+ is good for White.} Qa1 (75... Qd7+ $11 {keeps the balance.} 76. Kh4 Qd4) 76. Qc7+ (76. f4 $1 $16) 76... Kf8 $2 {[%mdl 8192] [#]} (76... Ke8 $14) 77. Qd6+ $2 (77. Qd8+ $1 {mates} Kf7 78. Kf5 Qg1 79. Qd7+ Kf8 80. Ke6 Kg8 81. Qe8+ Kh7 {[#]} 82. Qg6+ $1 {[%mdl 512]} Qxg6+ 83. hxg6+ Kxg6 84. e5) 77... Ke8 $2 {[%mdl 8192]} (77... Kg8 $11) 78. Kf5 Qf1 79. Qg3 $2 (79. Qe6+ $18 Kf8 80. Kg6 Qxf3 81. Qd6+ Ke8 82. Qe5+ Kd8 83. Kxg7) 79... Kf8 $2 {[%mdl 8192]} (79... Kf7 $11) 80. Kg6 Qa1 81. Qb8+ Ke7 82. Qc7+ Ke8 83. Qxg7 Qg1+ 84. Kh7 Qe3 85. Qg6+ Ke7 86. Qf5 {Accuracy: White = 51%, Black = 45%.} 1-0

[Event "RUS-ch U21 2019"]
[Site "Loo"]
[Date "2019.04.28"]
[Round "9.2"]
[White "Khanin, Semen"]
[Black "Drygalov, Sergey"]
[Result "1/2-1/2"]
[WhiteElo "2524"]
[BlackElo "2485"]
[Annotator "TA"]
[PlyCount "81"]
[EventDate "2019.04.20"]
[EventType "tourn"]
[EventCountry "RUS"]
[SourceTitle "playchess.com"]
[Source "ChessBase"]
[SourceQuality "1"]

{[%evp 12,81,16,20,24,10,17,9,26,25,50,41,54,53,64,32,65,51,100,0,0,0,0,0,0,0,0,0,38,34,29,32,61,47,51,56,53,37,37,41,33,11,12,12,13,14,15,8,14,8,12,0,0,0,0,0,8,0,0,0,1,0,0,0,0,0,0,0,0,0,0,-2]} 1. e4 c5 2. Nf3 d6 3. d4 cxd4 4. Nxd4 Nf6 5. Nc3 a6 6. Nb3 e5 7. Bg5 Be6 {B94: Sicilian Najdorf: 6 Bg5 Nbd7} (7... Be7 8. Bxf6 Bxf6 9. Qd3 Be6 10. O-O-O Be7 11. Nd5 Bxd5 12. Qxd5 Qc7 13. Kb1 O-O 14. Na5 Nc6 15. Nc4 Rad8 {1-0 (50) Grischuk,A (2737)-Nepomniachtchi,I (2767) Doha 2016}) 8. Bxf6 Qxf6 9. Na5 Qd8 10. Nc4 Nc6 11. Nd5 b5 12. Nce3 $1 Be7 13. c3 (13. a4 $5 {[%cal Ra4b5]} b4 14. Bc4 $14) 13... Bg5 14. Nf5 $146 ({Predecessor:} 14. a4 b4 15. cxb4 Bxe3 16. Nxe3 Nxb4 17. Bc4 Qd7 18. Qd2 {½-½ (30) Dubov,D (2161)-Ilkin,A (2134) Ufa 2010}) 14... g6 15. Ng7+ (15. h4 $16) 15... Kf8 $11 16. Nxe6+ fxe6 17. Nb4 Nxb4 18. cxb4 d5 19. Bd3 dxe4 20. Bxe4 Qxd1+ 21. Rxd1 Rd8 22. h4 Rxd1+ 23. Kxd1 $14 {[%mdl 4096] Endgame KRB-KRB} Be7 24. h5 gxh5 25. Rxh5 Bxb4 26. Rxe5 {Black must now prevent a3.} Kf7 {The position is equal.} 27. Ke2 Rd8 28. Bd3 h6 29. b3 Rc8 30. Rh5 Kg7 31. a4 bxa4 32. bxa4 a5 33. Rh4 Rc5 34. Bc4 Re5+ 35. Kd3 Bc5 36. f3 Rg5 37. Bxe6 Rxg2 38. Rg4+ Rxg4 39. fxg4 Kf6 40. Bc8 Bb4 41. Bf5 {Accuracy: White = 51%, Black = 72%.} 1/2-1/2

[Event "RUS-ch U21 2019"]
[Site "Loo"]
[Date "2019.04.28"]
[Round "9.3"]
[White "Yeletsky, Ivan"]
[Black "Ofitserian, Boris"]
[Result "1-0"]
[WhiteElo "2409"]
[BlackElo "2409"]
[Annotator "TA"]
[PlyCount "79"]
[EventDate "2019.04.20"]
[EventType "tourn"]
[EventCountry "RUS"]
[SourceTitle "playchess.com"]
[Source "ChessBase"]
[SourceQuality "1"]

{[%evp 15,79,8,29,20,18,12,31,23,34,27,13,0,31,44,93,85,85,62,124,129,117,130,144,125,126,133,140,144,126,98,142,134,288,294,294,294,305,318,325,302,304,304,292,289,389,387,375,366,516,522,513,467,434,536,504,438,562,562,546,520,867,844,5289,5164,2369,1825]} 1. e4 c5 2. Nf3 d6 3. d4 cxd4 4. Nxd4 Nf6 5. Nc3 a6 6. f3 e5 7. Nb3 Be6 8. Be3 h5 (8... Nbd7 {is interesting.} 9. Qd2 b5 10. O-O-O Be7 11. a3 h5) 9. Nd5 {B90: Sicilian Najdorf: Unusual White 6th moves, 6 Be3 Ng4 and 6 Be3 e5} Bxd5 10. exd5 Nbd7 11. Qd2 {White is slightly better.} g6 12. Be2 (12. O-O-O Bg7 13. Kb1 Qc7 14. Be2 a5 15. a4 O-O 16. g4 Rfc8 17. Bb5 hxg4 18. fxg4 Nxg4 {0-1 (75) Robson,R (2667)-Saric,I (2690) chess.com INT 2019}) 12... Bg7 13. O-O-O Nb6 14. Kb1 $146 ({Predecessor:} 14. c4 Rc8 15. Bxb6 Qxb6 16. Kb1 O-O {0-1 (27) Abdullah Al,R (1824)-Anata,C (2084) Dhaka 2018}) 14... Qc7 15. Qa5 $1 Nfd7 16. c4 Rc8 (16... Bh6 $1 $14 17. Bxh6 Rxh6) 17. Rc1 $16 Bh6 18. Bxh6 Rxh6 19. Qd2 Rh7 20. f4 exf4 21. Qxf4 Kf8 22. Nd2 $36 {[%mdl 2048] White is on the roll.} Re8 23. Ne4 Nc5 $2 (23... Rg7 $16 {was worth a try.}) 24. Nf6 $18 {[%mdl 64] Double Attack} Rxe2 {[#]} 25. Rhe1 $1 {[%cal Re1e2]} ({Weaker is} 25. Nxh7+ Kg7 $14) 25... Re5 26. Nxh7+ Kg7 {Hoping for ...Nd3.} 27. Nf6 {Qxe5! is the strong threat.} Qe7 {[#]} 28. Rxe5 $1 dxe5 29. Qf2 e4 30. d6 Qxf6 31. Qxc5 Qxb2+ (31... Nd7 $142 32. Qd5 b6) 32. Kxb2 {White is clearly winning.} Na4+ 33. Kc2 {White wants to mate with Qd4+.} Nxc5 {[%mdl 4096] Endgame KR-KN} 34. Kc3 f5 35. Rd1 Nd7 {[#]} 36. c5 $1 {[%mdl 512]} Kf6 (36... Nxc5 37. d7) 37. Kd4 Ke6 (37... Nf8 $142 38. Kc4 Ne6) 38. Rb1 b6 39. c6 Ne5 40. Rc1 {Accuracy: White = 93%, Black = 42%.} 1-0

[Event "RUS-ch U21 2019"]
[Site "Loo"]
[Date "2019.04.28"]
[Round "9.4"]
[White "Triapishko, Alexandr"]
[Black "Gaifullin, Artur"]
[Result "1-0"]
[WhiteElo "2506"]
[BlackElo "2453"]
[Annotator "TA"]
[PlyCount "71"]
[EventDate "2019.04.20"]
[EventType "tourn"]
[EventCountry "RUS"]
[SourceTitle "playchess.com"]
[Source "ChessBase"]
[SourceQuality "1"]

{[%evp 16,71,24,27,25,24,34,31,44,3,34,0,0,0,0,-6,0,0,0,-71,-2,-1,23,28,55,53,55,45,32,26,157,154,160,131,157,169,158,121,164,151,150,145,150,158,157,147,199,201,190,117,178,162,171,183,304,261,29996,29997]} 1. e4 e5 2. Nf3 Nc6 3. Bb5 a6 4. Ba4 d6 5. O-O Bd7 6. Bxc6 Bxc6 7. d4 Nf6 8. Re1 Be7 9. Nc3 exd4 {C84: Closed Ruy Lopez: Unusual White 6th moves} 10. Nxd4 Bd7 (10... Nd7 11. Nf5 Bf6 12. Nd5 O-O 13. Nxf6+ Qxf6 14. Bd2 Rfe8 15. Bc3 Qg6 16. f3 f6 17. Kh1 {0-1 (66) Naiditsch,A (2663)-Krasenkow,M (2610) Drancy 2016}) 11. Qf3 O-O {White is slightly better.} 12. b3 Ng4 $146 ({Predecessor:} 12... Re8 13. Bb2 Qc8 14. Nf5 Bxf5 15. exf5 c6 16. Ne4 d5 17. Nxf6+ Bxf6 18. Bxf6 gxf6 19. Rxe8+ Qxe8 {½-½ (92) Gallego Alcaraz,A (2404)-Ibarra Chami,L (2393) Montevideo 2009}) 13. Nf5 Bf6 14. Bb2 Ne5 15. Qg3 Bxf5 16. exf5 Nc6 17. Re3 (17. Rab1 $11) 17... Nb4 (17... Qd7 $17 18. Qf4 Be5) 18. Re4 $36 {[%mdl 2048] White has some pressure.} Nxc2 19. Rd1 $1 {Strongly threatening Qd3.} Re8 {And now ...Rxe4 would win.} 20. Qd3 $1 {[%cal Rd3c2]} Rxe4 21. Qxe4 {[#]} Na3 $1 {[%cal Ra3b5][%mdl 512]} 22. Qxb7 (22. Bxa3 Bxc3) 22... Rb8 (22... Nb5 $11 {keeps the balance.} 23. Nxb5 axb5 24. Bxf6 gxf6) 23. Qxa6 $16 Nc2 24. Qe2 Nb4 25. a3 Nc6 26. b4 Qd7 27. Nd5 {[%mdl 64] Discovered Attack} Bxb2 28. Qxb2 {f6 is the strong threat.} Ne7 29. Nxe7+ Qxe7 {[%mdl 4096] Endgame KQR-KQR} 30. g3 Qe4 (30... h6 $16 31. Rc1 d5) 31. Qc3 $18 c5 32. bxc5 (32. Rxd6 $18 cxb4 {[#]} 33. Qxb4 $1 {[%mdl 512]} Qxb4 34. axb4) 32... dxc5 (32... Qc6 $16 {is a better defense.} 33. f6 dxc5) 33. Qxc5 h5 34. f6 h4 {[#]} (34... Qf3 {might work better.} 35. Qd5 Qxf6 36. Qxh5 g6) 35. Qg5 $1 {[%csl Gf6][%cal Rg5g7]} g6 $2 (35... Qh7 $18 36. Qb5 Rc8) 36. Qh6 {Accuracy: White = 61%, Black = 32%.} 1-0

[Event "RUS-ch U21 2019"]
[Site "Loo"]
[Date "2019.04.28"]
[Round "9.5"]
[White "Drygalov, Andrey"]
[Black "Pogosyan, Stefan"]
[Result "1-0"]
[WhiteElo "2481"]
[BlackElo "2344"]
[Annotator "TA"]
[PlyCount "45"]
[EventDate "2019.04.20"]
[EventType "tourn"]
[EventCountry "RUS"]
[SourceTitle "playchess.com"]
[Source "ChessBase"]
[SourceQuality "1"]

{[%evp 9,45,13,58,54,67,56,85,53,103,94,93,87,132,112,128,104,122,63,85,25,112,8,120,0,144,167,187,185,276,281,284,247,616,613,604,591,609,612]} 1. e4 Nc6 2. d4 d5 3. e5 Bf5 4. Nf3 e6 5. Be2 h6 (5... f6 6. Be3 fxe5 7. dxe5 Bg4 8. Nbd2 Nge7 9. Ng5 Nf5 10. Nxe6 Nxe3 11. Nxd8 Nxd1 12. Nxc6 Nxf2 13. Kxf2 {½-½ (67) Martinovic,S (2537)-Stevic,H (2620) Porec 2014}) 6. O-O {B00: Queen's Fianchetto Defence, Nimzowitsch Defence} Nge7 7. c3 Qd7 8. b4 $146 {[%cal Bb2b4,Bb4b5][%mdl 32] White is better.} ({Predecessor:} 8. Be3 g5 9. Ne1 Bg6 10. Nd2 Nf5 11. b4 Nce7 12. Nb3 Nxe3 13. fxe3 Nf5 {½-½ (73) Moe,P (1778)-Nilsen,T (2052) Oslo 2018}) 8... f6 9. Nbd2 Ng6 {[%cal Rf6e5]} 10. Nb3 a5 11. b5 Nd8 12. a4 Nf7 {[%cal Rf6e5]} 13. exf6 (13. Bd3 $16 {Bxf5 is the strong threat.} Bxd3 14. Qxd3) 13... gxf6 $14 14. c4 (14. Ne1 $16) 14... b6 (14... dxc4 $1 $11 15. Bxc4 b6) 15. Be3 ({Better is} 15. c5 $16) 15... Nd6 {[#]} (15... dxc4 $1 $11 {remains equal.} 16. Bxc4 O-O-O) 16. Nfd2 ({White should play} 16. c5 $1 $16) 16... h5 (16... dxc4 $11 17. Nxc4 Nxc4 18. Bxc4 O-O-O) 17. c5 $16 Ne4 18. Rc1 (18. Bxh5 $6 Nxd2 19. Bxg6+ (19. Nxd2 Qh7 $11) 19... Bxg6 $16) 18... Bh6 (18... h4 $142 19. Nxe4 Bxe4) 19. cxb6 (19. Bxh5 $6 Ke7 $18) 19... cxb6 20. Rc6 ({Much less strong is} 20. Bxh5 $6 Ke7 $18) 20... Rc8 $2 {[#]} (20... Nxd2 21. Qxd2 (21. Bxd2 Bxd2 22. Qxd2 Rb8 $18) (21. Nxd2 Rc8 $18) 21... Bxe3 22. Qxe3 Qd8) 21. Nxe4 $18 {White is clearly winning.} Bxe4 22. Bxh6 Rxh6 23. f3 {Played: Qd1-c1} 1-0